[Event "TUR Cup"]
[Site "Antalya"]
[Date "2019.02.02"]
[Round "10"]
[White "Kiray, Tuncer Efe"]
[Black "Ceylan, Sezer"]
[Result "0-1"]
[WhiteElo "1556"]
[BlackElo "1689"]
[PlyCount "152"]
[EventDate "2019.01.27"]
[EventType "swiss"]
[EventRounds "11"]
[EventCountry "TUR"]
[SourceTitle "CBM 188 Extra"]
[Source "ChessBase"]
[SourceDate "2019.02.28"]
[SourceVersion "1"]
[SourceVersionDate "2019.02.28"]
[SourceQuality "1"]

1. e4 b6 2. d4 Bb7 3. Nc3 e6 4. Bd3 Nf6 5. Nf3 Be7 6. e5 Nd5 7. Nxd5 Bxd5 8. 0-0 d6 9. c3 Nd7 10. Bf4 dxe5 11. Nxe5 Nxe5 12. Bxe5 Bd6 13. f4 Bxe5 14. fxe5 Qg5 15. Qe2 0-0 16. Rf2 Rac8 17. c4 Bb7 18. Be4 Bxe4 19. Qxe4 c6 20. Raf1 Rc7 21. Rf4 Qg6 22. Qf3 Qc2 23. d5 cxd5 24. cxd5 Qc5+ 25. Kh1 Qxd5 26. Qxd5 exd5 27. Rd4 Rd8 28. Kg1 Rc4 29. Rfd1 Rxd4 30. Rxd4 Kf8 31. Kf2 Ke7 32. Ra4 Rd7 33. Ke3 Ke6 34. Kd4 Rc7 35. b3 a5 36. a3 Rc2 37. g3 Rd2+ 38. Ke3 Rb2 39. b4 axb4 40. axb4 Kxe5 41. Ra7 Ke6 42. Ra4 b5 43. Ra6+ Ke5 44. Ra7 Kf6 45. Kd4 Rxb4+ 46. Kxd5 Rb2 47. Rb7 Rxh2 48. Rb6+ Kg5 49. Rxb5 Kg4 50. Rb7 Rf2 51. Ke4 Kxg3 52. Rb3+ Kg4 53. Rb1 Re2+ 54. Kd3 Rg2 55. Ke3 f5 56. Rb4+ Kg5 57. Kf3 Rg4 58. Rb7 Kh6 59. Rb5 g6 60. Rb7 Rh4 61. Kg3 Kg5 62. Rb5 Ra4 63. Rc5 h5 64. Rb5 h4+ 65. Kh3 Ra3+ 66. Kh2 Kg4 67. Rb4+ f4 68. Rb2 g5 69. Rc2 Ra4 70. Rg2+ Kf5 71. Rb2 f3 72. Kg1 g4 73. Kf1 g3 74. Rb1 Kf4 75. Kg1 h3 76. Kh1 Re4 0-1

[Event "TUR Cup"]
[Site "Antalya"]
[Date "2019.02.01"]
[Round "9"]
[White "Ceylan, Sezer"]
[Black "Turkkan, Ece"]
[Result "0-1"]
[WhiteElo "1689"]
[BlackElo "1531"]
[PlyCount "91"]
[EventDate "2019.01.27"]
[EventType "swiss"]
[EventRounds "11"]
[EventCountry "TUR"]
[SourceTitle "CBM 188 Extra"]
[Source "ChessBase"]
[SourceDate "2019.02.28"]
[SourceVersion "1"]
[SourceVersionDate "2019.02.28"]
[SourceQuality "1"]

1. e4 c5 2. Nf3 g6 3. d4 cxd4 4. Nxd4 Bg7 5. Nc3 Nc6 6. Be3 Nf6 7. Bc4 0-0 8. Bb3 Ng4 9. Qxg4 Nxd4 10. Bxd4 Bxd4 11. Qg3 d6 12. 0-0-0 Bg7 13. h4 Be6 14. Bxe6 fxe6 15. h5 Qe8 16. Rh4 Qf7 17. hxg6 Qxf2 18. Qh3 Qf6 19. Rh1 h6 20. g4 a5 21. Rh5 Qf3 22. Qh4 Qf4+ 23. Kb1 Bf6 24. Qe1 Bg5 25. R5h2 a4 26. a3 Rab8 27. Nb5 Qe5 28. Qe2 Rf4 29. Re1 Rbf8 30. Nc3 Rf3 31. Reh1 Re3 32. Qd1 Ref3 33. Re2 b5 34. Na2 Qf4 35. Ree1 Rf2 36. Qd3 Qe5 37. Nc3 b4 38. Nd1 R2f3 39. Ne3 bxa3 40. Qxa3 Bxe3 41. Rxe3 Rf1+ 42. Rxf1 Rxf1+ 43. Ka2 Qb5 44. Qc3 Rf6 45. Rf3 Kg7 46. Rd3 0-1

[Event "TUR Cup"]
[Site "Antalya"]
[Date "2019.01.31"]
[Round "7"]
[White "Ceylan, Sezer"]
[Black "Kaya, Mehmet Roni"]
[Result "0-1"]
[WhiteElo "1689"]
[BlackElo "1632"]
[PlyCount "92"]
[EventDate "2019.01.27"]
[EventType "swiss"]
[EventRounds "11"]
[EventCountry "TUR"]
[SourceTitle "CBM 188 Extra"]
[Source "ChessBase"]
[SourceDate "2019.02.28"]
[SourceVersion "1"]
[SourceVersionDate "2019.02.28"]
[SourceQuality "1"]

1. e4 e5 2. Nf3 Nf6 3. Nc3 Nc6 4. Bb5 Bc5 5. 0-0 Qe7 6. d3 h6 7. Nd5 Nxd5 8. exd5 Nd4 9. Nxd4 Bxd4 10. c3 Bb6 11. d4 0-0 12. Re1 d6 13. Qh5 Qf6 14. Bd3 exd4 15. c4 Bd7 16. b3 Rfe8 17. Bb2 Re5 18. Qd1 Rae8 19. Qd2 Rxe1+ 20. Rxe1 Rxe1+ 21. Qxe1 Qe5 22. Qe4 f5 23. Qh4 c5 24. Bf1 Qe4 25. Qg3 f4 26. Qd3 Bf5 27. Qd2 Bd8 28. Bc1 Bg5 29. h4 Bxh4 30. Qxf4 Qxf4 31. Bxf4 Be7 32. Be2 g5 33. Bd2 Bf6 34. Bd1 b6 35. f3 Be5 36. Kf2 Bb1 37. a4 d3 38. g3 Bc2 39. Bxc2 dxc2 40. Bc1 h5 41. f4 gxf4 42. gxf4 Bd4+ 43. Kg3 Kg7 44. Kh4 Kg6 45. f5+ Kxf5 46. Kxh5 Be5 0-1

[Event "TUR Cup"]
[Site "Antalya"]
[Date "2019.01.31"]
[Round "8"]
[White "Kalinoglu, Yagiz"]
[Black "Ceylan, Sezer"]
[Result "0-1"]
[WhiteElo "1253"]
[BlackElo "1689"]
[PlyCount "78"]
[EventDate "2019.01.27"]
[EventType "swiss"]
[EventRounds "11"]
[EventCountry "TUR"]
[SourceTitle "CBM 188 Extra"]
[Source "ChessBase"]
[SourceDate "2019.02.28"]
[SourceVersion "1"]
[SourceVersionDate "2019.02.28"]
[SourceQuality "1"]

1. e4 d6 2. d4 Nf6 3. Nc3 g6 4. f4 Bg7 5. Nf3 0-0 6. Be2 Bg4 7. 0-0 c6 8. e5 dxe5 9. dxe5 Nd5 10. Nxd5 cxd5 11. h3 Bxf3 12. Bxf3 e6 13. Be3 Nc6 14. g4 Bh6 15. Qe2 Rc8 16. Rad1 Qc7 17. Rfe1 Bg7 18. Bf2 b6 19. Bg3 Ne7 20. c3 b5 21. Bh4 Rfe8 22. Bxe7 Rxe7 23. f5 exf5 24. Rxd5 fxg4 25. Bxg4 Rce8 26. Qxb5 Bxe5 27. Kg2 Rb8 28. Qe2 Bf6 29. Qf2 Rxe1 30. Qxe1 Rxb2+ 31. Be2 Qc6 32. c4 Qxc4 33. Rd2 Qe4+ 34. Kf2 Bh4+ 35. Kg1 Bxe1 36. Rd8+ Kg7 37. Bf1 Bf2+ 38. Kh2 Be3+ 39. Kg3 Qf4# 0-1

[Event "TUR Cup"]
[Site "Antalya"]
[Date "2019.01.30"]
[Round "6"]
[White "Baltaci, Ismail Tarik"]
[Black "Ceylan, Sezer"]
[Result "1-0"]
[WhiteElo "2014"]
[BlackElo "1689"]
[PlyCount "65"]
[EventDate "2019.01.27"]
[EventType "swiss"]
[EventRounds "11"]
[EventCountry "TUR"]
[SourceTitle "CBM 188 Extra"]
[Source "ChessBase"]
[SourceDate "2019.02.28"]
[SourceVersion "1"]
[SourceVersionDate "2019.02.28"]
[SourceQuality "1"]

1. e4 e5 2. Nf3 Nc6 3. d4 exd4 4. Nxd4 Nf6 5. Nc3 Bb4 6. Nxc6 bxc6 7. Bd3 d5 8. exd5 cxd5 9. 0-0 0-0 10. Bg5 c6 11. Qf3 Bd6 12. Rfe1 Rb8 13. Rab1 Be6 14. h3 h6 15. Bf4 Qc7 16. Bxh6 Nd7 17. Qh5 Nc5 18. Bxg7 f5 19. Bxf8 Rxf8 20. Qg6+ Kh8 21. Rxe6 Nxe6 22. Qxe6 Rf7 23. Re1 Bf8 24. Qe5+ Bg7 25. Qxc7 Rxc7 26. Re8+ Kh7 27. Bxf5+ Kh6 28. f4 Bd4+ 29. Kh2 Kg7 30. Rc8 Rf7 31. g4 c5 32. Nxd5 Bxb2 33. Rc7 1-0

[Event "TUR Cup"]
[Site "Antalya"]
[Date "2019.01.29"]
[Round "4"]
[White "Albayrak, Abdurrahman Kerem"]
[Black "Ceylan, Sezer"]
[Result "0-1"]
[WhiteElo "1949"]
[BlackElo "1689"]
[PlyCount "62"]
[EventDate "2019.01.27"]
[EventType "swiss"]
[EventRounds "11"]
[EventCountry "TUR"]
[SourceTitle "CBM 188 Extra"]
[Source "ChessBase"]
[SourceDate "2019.02.28"]
[SourceVersion "1"]
[SourceVersionDate "2019.02.28"]
[SourceQuality "1"]

1. d4 d5 2. Nf3 Nf6 3. c4 c6 4. Nc3 e6 5. Qd3 Nbd7 6. e4 dxe4 7. Nxe4 Nxe4 8. Qxe4 Nf6 9. Qd3 Qc7 10. Bd2 Bd7 11. Bc3 Be7 12. Be2 0-0 13. 0-0 Rad8 14. Rad1 Bc8 15. Ng5 h6 16. Ne4 b6 17. Rfe1 Bb7 18. Bf3 Rd7 19. Qe3 Nxe4 20. Qxe4 Rfd8 21. Qg4 Bf8 22. Re3 c5 23. d5 exd5 24. Be5 Qc8 25. Rde1 d4 26. Rd3 Bxf3 27. Rxf3 Re7 28. Qf4 f6 29. Rh3 Rxe5 30. Rd1 Qe6 31. Re3 dxe3 0-1

[Event "TUR Cup"]
[Site "Antalya"]
[Date "2019.01.28"]
[Round "2"]
[White "Kocak, Can"]
[Black "Ceylan, Sezer"]
[Result "1-0"]
[WhiteElo "1994"]
[BlackElo "1689"]
[PlyCount "67"]
[EventDate "2019.01.27"]
[EventType "swiss"]
[EventRounds "11"]
[EventCountry "TUR"]
[SourceTitle "CBM 188 Extra"]
[Source "ChessBase"]
[SourceDate "2019.02.28"]
[SourceVersion "1"]
[SourceVersionDate "2019.02.28"]
[SourceQuality "1"]

1. e4 b6 2. d4 Bb7 3. f3 e6 4. Be3 Nf6 5. Nh3 d5 6. e5 Nfd7 7. Bd3 c5 8. c3 Nc6 9. 0-0 Rc8 10. Nd2 h6 11. f4 cxd4 12. cxd4 Nb4 13. Qe2 Nxd3 14. Qxd3 g6 15. Rf3 Qc7 16. Rb1 Qc2 17. Qb5 Qc6 18. Qe2 Bb4 19. a3 Bxd2 20. Bxd2 Qc4 21. Qf2 Qa2 22. Qe1 Rc2 23. Bc3 Ba6 24. Qd1 Re2 25. Nf2 0-0 26. Rc1 f6 27. Qa4 Nb8 28. Qb4 fxe5 29. dxe5 Qc4 30. Qe7 Rc2 31. Qxe6+ Kg7 32. Rd1 Rf7 33. Rg3 g5 34. Rh3 1-0

[Event "TUR Cup										"]
[Site "Antalya"]
[Date "2018.02.03"]
[Round "11"]
[White "Saglam, Yakup"]
[Black "Ceylan, Sezer"]
[Result "1-0"]
[WhiteElo "1625"]
[BlackElo "1865"]
[PlyCount "111"]
[EventDate "2018.01.27"]
[EventType "swiss"]
[EventRounds "11"]
[EventCountry "TUR"]
[SourceTitle "CBM 182 Extra"]
[Source "ChessBase"]
[SourceDate "2018.02.23"]
[SourceVersion "1"]
[SourceVersionDate "2018.02.23"]
[SourceQuality "1"]

1. Nf3 Nf6 2. g3 g6 3. Bg2 Bg7 4. 0-0 c5 5. d4 cxd4 6. Nxd4 0-0 7. c3 Nc6 8. Na3 Nxd4 9. cxd4 d6 10. Bd2 Rb8 11. Qa4 a6 12. Rac1 Bd7 13. Qa5 Qxa5 14. Bxa5 Bc6 15. Bxc6 bxc6 16. b3 Rfc8 17. Rc4 Nd7 18. Ra4 Nb6 19. Bxb6 Rxb6 20. Nc4 Rbb8 21. e3 d5 22. Ne5 Bxe5 23. dxe5 Rb6 24. e4 e6 25. f4 c5 26. exd5 exd5 27. Rc1 Rbc6 28. Kf2 Kf8 29. Ke3 Ke7 30. Kd3 Ke6 31. b4 c4+ 32. Kd4 Rb8 33. a3 Rb5 34. g4 f6 35. f5+ Ke7 36. e6 Rd6 37. Rc3 h5 38. h3 h4 39. Re3 g5 40. Ra5 Rdb6 41. a4 Rxb4 42. Rxd5 Rb7 43. Rc3 Rxa4 44. Rc5 Rb3 45. Rc7+ Ke8 46. Rf7 Rxc3 47. Kxc3 Ra3+ 48. Kxc4 Rxh3 49. Rxf6 Re3 50. Rh6 h3 51. Kd5 a5 52. f6 Kd8 53. Rh8+ Kc7 54. f7 h2 55. f8Q Rd3+ 56. Ke4 1-0

[Event "TUR-chT 2nd League"]
[Site "Konya"]
[Date "2017.07.20"]
[Round "6.2"]
[White "Ceylan, Sezer"]
[Black "Cannesar, Rad"]
[Result "1/2-1/2"]
[WhiteElo "1714"]
[BlackElo "1979"]
[PlyCount "89"]
[EventDate "2017.07.17"]
[EventType "team-swiss"]
[EventRounds "9"]
[EventCountry "TUR"]
[SourceTitle "CBM 179 Extra"]
[Source "ChessBase"]
[SourceDate "2017.08.23"]
[SourceVersion "1"]
[SourceVersionDate "2017.08.23"]
[SourceQuality "1"]
[WhiteTeam "Konya Erkin"]
[BlackTeam "Istanbul Moda"]
[WhiteTeamCountry "TUR"]
[BlackTeamCountry "TUR"]

1. e4 c5 2. Nf3 d6 3. d4 cxd4 4. Nxd4 Nf6 5. Nc3 Nc6 6. Bg5 Bd7 7. Bc4 Qb6 8. Bxf6 gxf6 9. Nb3 Ne5 10. Nd5 Qd8 11. Be2 Bh6 12. f4 Ng6 13. g3 f5 14. Qd4 0-0 15. h4 Bg7 16. Qe3 e6 17. Nc3 Bxc3+ 18. Qxc3 fxe4 19. h5 Ne7 20. Rh4 f6 21. 0-0-0 Nf5 22. Rh2 d5 23. g4 Rc8 24. Qd2 Ng3 25. Rg1 Nxe2+ 26. Rxe2 Qb6 27. Ree1 Ba4 28. Kb1 Bxb3 29. cxb3 Rc7 30. g5 f5 31. h6 d4 32. g6 e3 33. Qd3 Rd7 34. b4 Qc6 35. gxh7+ Kxh7 36. Rg7+ Rxg7 37. hxg7 Rd8 38. Qf1 Qe4+ 39. Ka1 Kxg7 40. Rc1 Rd7 41. Qg1+ Kf7 42. Rc8 Ke7 43. Qg7+ Kd6 44. Qf8+ Re7 45. Qd8+ 1/2-1/2

[Event "TUR-chT 2nd League"]
[Site "Konya"]
[Date "2017.07.18"]
[Round "3.4"]
[White "Ceylan, Sezer"]
[Black "Acar, Utku Cengiz"]
[Result "0-1"]
[WhiteElo "1714"]
[BlackElo "1863"]
[PlyCount "86"]
[EventDate "2017.07.17"]
[EventType "team-swiss"]
[EventRounds "9"]
[EventCountry "TUR"]
[SourceTitle "CBM 179 Extra"]
[Source "ChessBase"]
[SourceDate "2017.08.23"]
[SourceVersion "1"]
[SourceVersionDate "2017.08.23"]
[SourceQuality "1"]
[WhiteTeam "Konya Erkin"]
[BlackTeam "Bulancak Ihsaniye Genclik"]
[WhiteTeamCountry "TUR"]
[BlackTeamCountry "TUR"]

1. e4 c5 2. Nf3 e6 3. d4 cxd4 4. Nxd4 Nf6 5. Nc3 Nc6 6. Ndb5 d6 7. Bf4 e5 8. Bg5 a6 9. Na3 Be6 10. Nc4 Rc8 11. Bxf6 gxf6 12. Ne3 Bh6 13. Ncd5 Bxe3 14. Nxe3 Qb6 15. Be2 Qb4+ 16. c3 Qxb2 17. 0-0 Qxc3 18. Bg4 Nd4 19. Nd5 Bxd5 20. Bxc8 Bxe4 21. Rc1 Qxc1 22. Qxc1 Ne2+ 23. Kh1 Nxc1 24. Rxc1 Kd8 25. Bg4 Bc6 26. Be2 Kd7 27. Bd3 e4 28. Bc4 d5 29. Be2 f5 30. Rd1 Kd6 31. Kg1 Ke5 32. Kf1 Rc8 33. Rc1 Bd7 34. Rb1 Rc2 35. Ke1 Bc6 36. g4 f4 37. Bd1 Rc5 38. Kd2 d4 39. f3 e3+ 40. Ke2 Rc3 41. Bb3 d3+ 42. Kd1 Rxb3 43. Rxb3 Ba4 0-1

[Event "TUR Cup"]
[Site "Antalya"]
[Date "2017.02.04"]
[Round "11"]
[White "Ceylan, Sezer"]
[Black "Akyildiz, Alptug"]
[Result "1/2-1/2"]
[WhiteElo "1703"]
[BlackElo "1545"]
[PlyCount "117"]
[EventDate "2017.01.28"]
[EventType "swiss"]
[EventRounds "11"]
[EventCountry "TUR"]
[SourceTitle "EXT 2018"]
[Source "ChessBase"]
[SourceDate "2017.10.13"]
[SourceVersion "1"]
[SourceVersionDate "2017.10.13"]
[SourceQuality "1"]

1. e4 c5 2. Nf3 Nc6 3. d4 cxd4 4. Nxd4 Nf6 5. Nc3 e5 6. Ndb5 d6 7. Bg5 a6 8. Na3 b5 9. Bxf6 gxf6 10. Nd5 f5 11. c3 fxe4 12. Bxb5 axb5 13. Nxb5 Be6 14. Nbc7+ Kd7 15. Nxa8 Bxd5 16. Qxd5 Qxa8 17. Qxf7+ Be7 18. Qf5+ Kc7 19. Qxe4 Qf8 20. b4 Qf4 21. Qxf4 exf4 22. 0-0 Bf6 23. Rab1 Ne5 24. a4 Nc4 25. Rfd1 Kc6 26. Rb3 Re8 27. Kf1 Ra8 28. a5 Kb5 29. Ke2 Ka4 30. Rbb1 Rc8 31. Rd3 Re8+ 32. Kd1 Kb5 33. Rd5+ Kc6 34. Rh5 Re7 35. Kc2 Na3+ 36. Kb2 Nxb1 37. Kxb1 Bxc3 38. b5+ Kb7 39. a6+ Kb6 40. Kc2 Be5 41. g3 fxg3 42. hxg3 Bd4 43. f4 Bc5 44. f5 Rf7 45. Kd3 Kxb5 46. Ke4 Kc6 47. g4 d5+ 48. Ke5 Bd6+ 49. Kd4 Ra7 50. g5 Rxa6 51. Rxh7 Ra4+ 52. Kd3 Rg4 53. Rg7 Be5 54. f6 Kd6 55. Rg8 Rg3+ 56. Ke2 Bxf6 57. Rg6 Ke5 58. Rxf6 Rxg5 59. Rf8 1/2-1/2

[Event "Manavgat Turkey Cup"]
[Site "Manavgat"]
[Date "2015.02.07"]
[Round "11"]
[White "Sahin, Huseyin"]
[Black "Ceylan, Sezer"]
[Result "1/2-1/2"]
[WhiteElo "1835"]
[BlackElo "1445"]
[PlyCount "52"]
[EventDate "2015.01.31"]
[EventType "swiss"]
[EventRounds "11"]
[EventCountry "TUR"]
[SourceTitle "CBM 164 Extra"]
[Source "ChessBase"]
[SourceDate "2015.03.02"]
[SourceVersion "1"]
[SourceVersionDate "2015.03.02"]
[SourceQuality "1"]

1. d4 d5 2. e3 Nf6 3. f4 Bf5 4. Nf3 e6 5. Bd3 Be4 6. 0-0 c5 7. Qe2 c4 8. Bxe4 Nxe4 9. Nbd2 Nxd2 10. Bxd2 Bd6 11. Ne5 Nc6 12. b3 cxb3 13. axb3 0-0 14. c4 f6 15. Nxc6 bxc6 16. Ra6 Qd7 17. Rc1 Qb7 18. cxd5 exd5 19. Raxc6 Ba3 20. Rc7 Qxb3 21. Qg4 Rf7 22. Rxf7 Kxf7 23. Rc7+ Be7 24. h3 Qb1+ 25. Kh2 Qe4 26. Qd7 a5 1/2-1/2

[Event "Manavgat Turkey Cup"]
[Site "Manavgat"]
[Date "2015.02.04"]
[Round "7"]
[White "Karagollu, Baran Ilyas"]
[Black "Ceylan, Sezer"]
[Result "0-1"]
[WhiteElo "1595"]
[BlackElo "1445"]
[PlyCount "67"]
[EventDate "2015.01.31"]
[EventType "swiss"]
[EventRounds "11"]
[EventCountry "TUR"]
[SourceTitle "CBM 164 Extra"]
[Source "ChessBase"]
[SourceDate "2015.03.02"]
[SourceVersion "1"]
[SourceVersionDate "2015.03.02"]
[SourceQuality "1"]

1. e4 e5 2. d4 exd4 3. Qxd4 Nc6 4. Qe3 Nf6 5. Nc3 Bb4 6. Bd2 d6 7. 0-0-0 0-0 8. f3 Bc5 9. Qe1 Bd7 10. g4 Ne5 11. Qg3 a5 12. h4 c6 13. h5 b5 14. g5 Ne8 15. Be2 b4 16. Na4 Be6 17. f4 Nc4 18. Bxc4 Bxc4 19. g6 Nf6 20. Re1 d5 21. h6 fxg6 22. hxg7 Kxg7 23. f5 Ra7 24. e5 Ne4 25. Bh6+ Kf7 26. e6+ Ke8 27. Qe5 Rg8 28. Rxe4 Ba6 29. e7 Qd7 30. Qe6 dxe4 31. Qxg8+ Kxe7 32. f6+ Kxf6 33. Qh8+ Kf5 34. Nh3 0-1

[Event "Manavgat Turkey Cup"]
[Site "Manavgat"]
[Date "2015.01.31"]
[Round "1"]
[White "Bal, Enes Emre"]
[Black "Ceylan, Sezer"]
[Result "1/2-1/2"]
[WhiteElo "1875"]
[BlackElo "1445"]
[PlyCount "53"]
[EventDate "2015.01.31"]
[EventType "swiss"]
[EventRounds "11"]
[EventCountry "TUR"]
[SourceTitle "CBM 164 Extra"]
[Source "ChessBase"]
[SourceDate "2015.03.02"]
[SourceVersion "1"]
[SourceVersionDate "2015.03.02"]
[SourceQuality "1"]

1. e4 e5 2. Nf3 Nc6 3. Nc3 Nf6 4. d4 exd4 5. Nxd4 Bb4 6. Nxc6 bxc6 7. Bd3 0-0 8. 0-0 d5 9. exd5 cxd5 10. Bg5 c6 11. Qf3 Be7 12. Rfe1 Be6 13. Bf5 Qd7 14. Bxe6 fxe6 15. Qe2 Bc5 16. Qxe6+ Qxe6 17. Rxe6 Ng4 18. Bh4 Nxf2 19. Bxf2 Bxf2+ 20. Kh1 Rae8 21. Rxc6 Be1 22. Kg1 Bf2+ 23. Kh1 Be1 24. Kg1 Bf2+ 25. Kh1 Be1 26. Kg1 Bf2+ 27. Kh1 1/2-1/2

[Event "Antalya-ch"]
[Site "Antalya"]
[Date "2014.11.15"]
[Round "2"]
[White "Dogan, Mehmet Rustu"]
[Black "Ceylan, Sezer"]
[Result "1-0"]
[WhiteElo "1693"]
[BlackElo "1445"]
[PlyCount "49"]
[EventDate "2014.11.15"]
[EventType "swiss"]
[EventRounds "7"]
[EventCountry "TUR"]
[SourceTitle "EXT 2016"]
[Source "ChessBase"]
[SourceDate "2015.10.08"]
[SourceVersion "1"]
[SourceVersionDate "2015.10.08"]
[SourceQuality "1"]

1. c4 e5 2. Nc3 Nc6 3. e3 Nf6 4. d4 exd4 5. exd4 Bb4 6. Nf3 0-0 7. Be2 Ne4 8. Qc2 Re8 9. Be3 Qf6 10. 0-0 Bxc3 11. bxc3 d6 12. Bd3 Bf5 13. Rab1 b6 14. Rfe1 h6 15. Bc1 Ng5 16. Rxe8+ Rxe8 17. Bxf5 Nxf3+ 18. gxf3 Re1+ 19. Kg2 Qh4 20. Be3 Rxb1 21. Qxb1 Ne7 22. Bh7+ Kf8 23. Qe4 Qxe4 24. Bxe4 f5 25. Bc2 1-0